Olomoucký kraj /

Hlavní autor: Podhorský, Marek
Jazyk: Čeština
Vydáno: Praha : Freytag & Berndt, 2008
Vydání: 1. vyd. v českém jazyce
Edice: Průvodce na cesty (Freytag & Berndt)
Témata:
Externí odkaz: Digitalizovaný dokument
Fyzický popis: 184 s. : barev. il., mapy, plány ; 22 cm
Knihy
Uloženo v:
LEADER 01596nam a2200421 a 4500
001 nkc20081833234
003 CZ PrNK
005 20090427161422.0
007 ta
008 081201s2008 xr abe g f 001 0 cze
015 |a cnb001833234 
020 |a 978-80-7316-145-3  |q (brož.) 
035 |a (OCoLC)316677783 
040 |a BOA001  |b cze 
043 |a e-xr---  |b e-xr-ol  |2 czenas 
072 7 |a 913(437)  |x Geografie Česka a Slovenska, reálie, cestování  |2 Konspekt  |9 7 
080 |a 913(437.325)  |2 MRF 
080 |a (036)913  |2 MRF 
100 1 |a Podhorský, Marek  |7 jn20001103347  |4 aut  |4 pht 
245 1 0 |a Olomoucký kraj /  |c Marek Podhorský 
250 |a 1. vyd. v českém jazyce 
260 |a Praha :  |b Freytag & Berndt,  |c 2008 
300 |a 184 s. :  |b barev. il., mapy, plány ;  |c 22 cm 
490 1 |a Průvodce na cesty 
500 |a Obálkový podnázev: historie, památky, kultura, ubytování, mapy 
500 |a Obsahuje rejstřík 
651 7 |a Olomouc (Česko : oblast)  |7 ge128534  |2 czenas 
651 7 |a Olomoucký kraj (Česko : 2000-)  |7 ge136508  |2 czenas 
651 9 |a Olomouc Region (Czechia)  |2 eczenas 
655 7 |a turistické průvodce  |7 fd133738  |2 czenas 
655 9 |a tourist guidebooks  |2 eczenas 
830 0 |a Průvodce na cesty (Freytag & Berndt)  |0 s 
856 4 1 |u http://www.digitalniknihovna.cz/mzk/uuid/uuid:1b492790-c7b3-11e4-b84b-005056827e52  |y Digitalizovaný dokument  |x NDK 
910 2 |a BOA001  |b 2-1215.614 
990 |a BK 
995 |a 01 
991 |b 200812  |c NOV 
996 6 |b 2610361722  |c 2-1215.614  |l MZK  |r Sklad / do 1 hodiny  |n 2  |p p.v.  |w 000923106  |u 000010  |a 1  |e BOA001  |j MZK50  |s P